|
|
|
|
| LEADER |
00000nam a2200000Ii 4500 |
| 001 |
DIGOCEANO0017 |
| 003 |
NyNyDIG |
| 006 |
m o d |
| 007 |
cr ||||||||||| |
| 008 |
240404s2017 mx a ob 000 0 spa d |
| 035 |
|
|
|a (OCoLC)1430189901
|
| 040 |
|
|
|a DGITA
|b eng
|e rda
|e pn
|c DGITA
|
| 020 |
|
|
|a 9786075273419
|q eBook
|
| 020 |
|
|
|z 9786077457008
|
| 041 |
1 |
|
|a spa
|h eng
|
| 050 |
1 |
4 |
|a QB982 ebook
|
| 082 |
0 |
4 |
|a 523.1
|2 23
|
| 100 |
1 |
|
|a Cham, Jorge,
|e author.
|
| 240 |
1 |
0 |
|a We have no idea.
|l Spanish
|s (Miret)
|
| 245 |
1 |
0 |
|a Ni idea :
|b los grandes misterios del universo /
|c Jorge Cham y Daniel Whiteson ; traducción de Maia F. Miret.
|
| 246 |
3 |
0 |
|a Grandes misterios del universo
|
| 250 |
|
|
|a Primera edición en libro electrónico.
|
| 264 |
|
1 |
|a Ciudad de México :
|b Océano,
|c [2017]
|
| 300 |
|
|
|a 1 online resource :
|b illustrations.
|
| 336 |
|
|
|a text
|b txt
|2 rdacontent
|
| 337 |
|
|
|a computer
|b c
|2 rdamedia
|
| 338 |
|
|
|a online resource
|b cr
|2 rdacarrier
|
| 347 |
|
|
|a text file
|2 rdaft
|
| 347 |
|
|
|b EPUB
|
| 504 |
|
|
|a Includes bibliographical references.
|
| 588 |
0 |
|
|a Online resource; title from ePub title page (Digitalia, viewed April 4, 2024)
|
| 650 |
|
0 |
|a Cosmology
|v Popular works.
|
| 700 |
1 |
|
|a Whiteson, Daniel,
|e author.
|
| 700 |
1 |
|
|a Miret, Maia F.,
|e translator.
|
| 700 |
1 |
|
|i Translation of:
|a Cham, Jorge.
|t We have no idea.
|
| 791 |
2 |
|
|a Digitalia (Firm),
|e distributor.
|
| 793 |
0 |
|
|g Digitalia eBook Collection:
|a Editorial Océano
|
| 776 |
0 |
8 |
|i Print version:
|a Cham, Jorge.
|s We have no idea. Spanish (Miret).
|t Ni idea.
|d Ciudad de México : Océano, [2017]
|z 9786077457008
|
| 856 |
4 |
0 |
|3 Digitalia Hispánica
|u https://www.digitaliapublishing.com/a/85194/
|
| 910 |
|
|
|a Premium collection: 2024
|